[Event "3rd Lanzarote it"]
[Site "Lanzarote ESP"]
[Date "1975.05.??"]
[Round "8"]
[White "Tatai, Stefano"]
[Black "Debarnot, Roberto"]
[Result "1/2-1/2"]
[WhiteElo "2455"]
[BlackElo "2380"]
[EventDate "1975.04.27"]
[PlyCount "134"]

1.e4 e6 2.d4 d5 3.Nd2 c5 4.Ngf3 Nc6 5.Bb5 a6 6.exd5 axb5 7.dxc6 bxc6 8.
dxc5 Bxc5 9.Qe2 Nf6 10.Nb3 Bb4+ 11.c3 Bd6 12.Nbd4 Qc7 13.Nf5 O-O 14.Nxd6 
Qxd6 15.O-O Nd5 16.Qe5 Qe7 17.Nd4 f6 18.Qg3 Bd7 19.f4 c5 20.Nb3 Rfc8 21.
Be3 b4 22.c4 Nxe3 23.Qxe3 Ba4 24.Rae1 Bxb3 25.axb3 Rd8 26.Qxe6+ Qxe6 27.
Rxe6 Rd2 28.Rfe1 Rxb2 29.Re8+ Rxe8 30.Rxe8+ Kf7 31.Rc8 Rxb3 32.Kf2 Rc3 33.
Rxc5 b3 34.Rb5 Rc2+ 35.Kf3 b2 36.f5 h5 37.Rb7+ Kg8 38.c5 Rxc5 39.Rxb2 
Rxf5+ 40.Kg3 Kh7 41.h4 Re5 42.Rb3 Re4 43.Rb5 Kg6 44.Ra5 Re5 45.Ra7 Re4 46.
Rb7 Kh7 47.Rb5 g6 48.Rb7+ Kg8 49.Ra7 Kf8 50.Rb7 Re7 51.Rb6 Kf7 52.Ra6 Re4 
53.Rb6 Rd4 54.Kh3 Rd3+ 55.g3 Rd2 56.Ra6 Ke7 57.Rb6 Rd6 58.Rb7+ Ke6 59.Rg7 
Kf5 60.Kg2 Rd2+ 61.Kf3 Rd3+ 62.Kg2 Rb3 63.Rg8 Ra3 64.Rg7 g5 65.hxg5 fxg5 
66.Rb7 Ra2+ 67.Kf3 Ra3+ {[Fuente: Boletn del III Torneo Internacional 
Arrecife de Lanzarote. (Mayo 1975, Ronda 8, Partida 48). Editado por la 
Federacin Provincial de Ajedrez de Gran Canaria. Espaa. ]} 1/2-1/2

[Event "3rd Lanzarote it"]
[Site "Lanzarote ESP"]
[Date "1975.05.??"]
[Round "8"]
[White "Visier Segovia, Fernando"]
[Black "Pfleger, Helmut"]
[Result "0-1"]
[WhiteElo "2375"]
[BlackElo "2540"]
[EventDate "1975.04.27"]
[PlyCount "38"]

1.d4 d6 2.c4 e5 3.d5 f5 4.Nc3 Nf6 5.g3 g6 6.Bg2 Bg7 7.Nf3 O-O 8.O-O a5 9.
b3 Na6 10.Bb2 Bd7 11.Ne1 Qe7 12.Qd2 f4 13.e3 fxg3 14.hxg3 e4 15.Ne2 Ng4 
16.Nf4 Bxb2 17.Qxb2 Nc5 18.Qd4 Rae8 19.Rb1 Qg5 {[Fuente: Torn, Romn. 
Artculo " Triunfo de Belln en el Torneo Internacional de Lanzarote". Resea
y seleccin de partidas. Revista JAQUE. (01-07-1975, ao V, nmero 43, pginas
4-7). Jos Mara Gonzlez (Editor-Director). San Sebastin, Espaa. ]} 0-1

[Event "3rd Lanzarote it"]
[Site "Lanzarote ESP"]
[Date "1975.05.??"]
[Round "9"]
[White "Cardoso, Rodolfo Tan"]
[Black "Adorjan, Andras"]
[Result "0-1"]
[WhiteElo "2410"]
[BlackElo "2515"]
[EventDate "1975.04.27"]
[PlyCount "83"]

{[PREMIO A LA MEJOR PARTIDA DE ATAQUE ]} 
1.e4 c5 2.Nf3 Nc6 3.d4 cxd4 4.Nxd4 g6 ( {La variante del "fianchetto 
acelerado", de la Defensa Siciliana. Las principales alternativas son:} 
4...Nf6 5.Nc3 d6 {; y} ) ( 4...e6 ) 5.c4 ( {La posicional "formacin 
Maroczy", con la que se afianza el control del punto "d5". Otras 
posibilidades son:} 5.Nc3 {; y} ) ( 5.Be3 ) 5...Nf6 6.Nc3 d6 ( {Lnea 
elstica; tambin es normal} 6...Bg7 ) 7.Be2 Nxd4 8.Qxd4 Bg7 9.Be3 ( {
Interesante es, igualmente,} 9.Bg5 O-O 10.Qe3 ) 9...O-O 10.Qd2 Be6 11.Rc1 
Qa5 12.O-O a6 13.f4 $5 ( {Agresivo plan, que permite a las negras iniciar 
una fuerte reaccin en el ala de dama, temtica en esta lnea, al estar mal 
protegido el pen "e" blanco. Mejor es} 13.f3 $142 {.} ) 13...b5 $1 14.cxb5
axb5 15.b4 ( {No serva} 15.Bxb5 Nxe4 $1 16.Nxe4 Qxb5 {, con fuerte presin 
de las negras sobre el ala de dama.} ) 15...Qxb4 16.Rb1 Qa3 17.Rxb5 Rfc8 
18.Bd4 Rxc3 $1 {[Aqu comienza un bello juego combinativo, que conducira a 
una curiosa lucha con fuerzas heterogneas. ]} 19.Qxc3 Nxe4 $1 20.Rb8+ $1 (
{Lo mejor; si} 20.Qxa3 Bxd4+ {, ganara material.} ) 20...Rxb8 $3 {
[Elegante sacrificio de la dama, complemento de la entrega anterior. ]} 
21.Qxa3 Bxd4+ 22.Kh1 Nf2+ 23.Rxf2 ( {Si} 23.Kg1 Rb2 $1 {, la precisin 
negras sera fortsima y no valdra} 24.Qxb2 Nh3+ $1 25.Kh1 Bxb2 26.gxh3 Bxh3
{, pues con dos peones por la calidad, las negras obtendran un final 
ventajoso.} ) 23...Bxf2 24.h3 h5 $1 25.Qf3 ( 25.Qf3 {. Ante} 25...Rb1+ 26.
Kh2 h4 $1 {con la amenaza ...Ag3+.} ) 25...Rb1+ 26.Kh2 Bg1+ 27.Kg3 Rb2 28.
Qe4 ( {Claro est que, si} 28.a4 Rb3 29.Bd3 Bf5 {, gana.} ) 28...Rxa2 29.h4
d5 $1 30.Qe5 Bc5 $1 31.Qb8+ Kg7 32.Qe5+ Kh7 33.Bf3 Ra4 $1 {[La presin se 
acenta y las blancas no podrn proteger sus peones del ataque combinado de 
la torre y del alfil rey enemigo. ]} 34.Qc7 Bd6 35.Qc6 Rxf4 36.Kf2 Rc4 37.
Qb5 Rxh4 38.Bxd5 Rf4+ 39.Bf3 Bg4 40.Qd5 Rf5 41.Qd3 h4 $1 42.Qe4 {
[Comentarios: IM Romn Torn. (Revista JAQUE, 01-07-1975). || Fuente: Torn, 
Romn. Artculo "Triunfo de Belln en el Torneo Internacional de Lanzarote". 
Resea y seleccin de partidas. Revista JAQUE. (01-07-1975, ao V, nmero 43, 
pginas 4-7). Jos Mara Gonzlez (Editor-Director). San Sebastin, Espaa. ]} (
42.Qe4 {. Y las blancas abandonaron, sin esperar la respuesta} 42...Bxf3 
43.gxf3 h3 $1 44.Qh4+ Rh5 {, que dejara a las negras con un fcil final, 
tras ...peon "e7".} ) 0-1

[Event "3rd Lanzarote it"]
[Site "Lanzarote ESP"]
[Date "1975.05.??"]
[Round "9"]
[White "Debarnot, Roberto"]
[Black "Visier Segovia, Fernando"]
[Result "1/2-1/2"]
[WhiteElo "2380"]
[BlackElo "2375"]
[EventDate "1975.04.27"]
[PlyCount "42"]

1.d4 Nf6 2.c4 e6 3.Nc3 Bb4 4.e3 b6 5.Ne2 Ne4 6.f3 Nxc3 7.bxc3 Be7 8.e4 O-O
9.Ng3 c5 10.d5 Bf6 11.Bd2 d6 12.Be2 e5 13.Qc1 g6 14.a4 Bh4 15.Kd1 a5 16.
Kc2 Ra7 17.Bh6 Re8 18.Bd3 f6 19.Kb3 Bg5 20.Bxg5 fxg5 21.Nf1 Rf7 {[Fuente: 
Boletn del III Torneo Internacional Arrecife de Lanzarote. (Mayo 1975, 
Ronda 9, Partida 49). Editado por la Federacin Provincial de Ajedrez de 
Gran Canaria. Espaa. ]} 1/2-1/2

[Event "3rd Lanzarote it"]
[Site "Lanzarote ESP"]
[Date "1975.05.??"]
[Round "9"]
[White "Diez del Corral, Jesus Maria"]
[Black "Tatai, Stefano"]
[Result "1/2-1/2"]
[WhiteElo "2515"]
[BlackElo "2455"]
[EventDate "1975.04.27"]
[PlyCount "50"]

1.d4 Nf6 2.c4 e6 3.Nc3 d5 4.Bg5 c5 5.cxd5 cxd4 6.Qxd4 Be7 7.e4 Nc6 8.Qd1 
exd5 9.Bxf6 Bxf6 10.exd5 Nd4 11.Bd3 O-O 12.Nge2 Bg4 13.O-O Nxe2+ 14.Bxe2 
Bxe2 15.Nxe2 Qb6 16.Qd2 Rfd8 17.Nc3 Rd7 18.Rfe1 Rad8 19.Rad1 h6 20.Qe2 Re7
21.Ne4 Red7 22.Nxf6+ Qxf6 23.g4 Qg5 24.Qf3 Rxd5 25.Rxd5 Qxd5 {[Fuente: 
Boletn del III Torneo Internacional Arrecife de Lanzarote. (Mayo 1975, 
Ronda 9, Partida 50). Editado por la Federacin Provincial de Ajedrez de 
Gran Canaria. Espaa. ]} 1/2-1/2

[Event "3rd Lanzarote it"]
[Site "Lanzarote ESP"]
[Date "1975.05.??"]
[Round "9"]
[White "Garcia Padron, Jose"]
[Black "Betancort Curbelo, Juan Rafael"]
[Result "0-1"]
[WhiteElo "2200"]
[BlackElo "2360"]
[EventDate "1975.04.27"]
[PlyCount "64"]

1.e4 Nf6 2.e5 Nd5 3.c4 Nb6 4.c5 Nd5 5.Nc3 Nxc3 6.dxc3 e6 7.Qg4 Qe7 8.Nf3 
Qxc5 9.Be3 Qe7 10.O-O-O Nc6 11.Bc4 d5 12.exd6 {(ap)} 12...cxd6 13.Rhe1 h6 
14.Qg3 e5 15.Bf4 Be6 16.Bxe6 fxe6 17.Rxd6 Qxd6 18.Qg6+ Kd7 19.Nxe5+ Nxe5 
20.Bxe5 Qe7 21.Rd1+ Kc8 22.Qe4 Qe8 23.Bd6 Bxd6 24.Rxd6 a5 25.Rxe6 Qb5 26.
c4 Qd7 27.Re7 Qc6 28.Qf5+ Kd8 29.Re4 Re8 30.Rd4+ Kc7 31.Qf4+ Kc8 32.Qf5+ 
Kb8 {[Fuente: Boletn del III Torneo Internacional Arrecife de Lanzarote. 
(Mayo 1975, Ronda 9, Partida 53). Editado por la Federacin Provincial de 
Ajedrez de Gran Canaria. Espaa. ]} 0-1

[Event "3rd Lanzarote it"]
[Site "Lanzarote ESP"]
[Date "1975.05.??"]
[Round "9"]
[White "Pfleger, Helmut"]
[Black "Fraguela Gil, Jose Miguel"]
[Result "1-0"]
[WhiteElo "2540"]
[BlackElo "2390"]
[EventDate "1975.04.27"]
[PlyCount "65"]

1.Nf3 Nf6 2.c4 g6 3.g3 Bg7 4.Bg2 O-O 5.O-O d6 6.d4 Nc6 7.Nc3 a6 8.e4 Bd7 
9.Re1 e5 10.d5 Ne7 11.c5 Ne8 12.Be3 dxc5 13.Bxc5 Nd6 14.Qb3 Nec8 15.Rad1 
Re8 16.Nd2 b5 17.a4 Nb7 18.Be3 Ncd6 19.axb5 axb5 20.Ra1 Na5 21.Qc2 Qb8 22.
b4 Nac4 23.Nxc4 Nxc4 24.Bc5 Qb7 25.Bf1 Rxa1 26.Rxa1 Ra8 27.Rxa8+ Qxa8 28.
Nxb5 Bxb5 29.Bxc4 Bxc4 30.Qxc4 Qa1+ 31.Kg2 Bf8 32.Bxf8 Kxf8 33.Qxc7 {
[Fuente: Boletn del III Torneo Internacional Arrecife de Lanzarote. (Mayo 
1975, Ronda 9, Partida 54). Editado por la Federacin Provincial de Ajedrez
de Gran Canaria. Espaa. ]} 1-0

[Event "3rd Lanzarote it"]
[Site "Lanzarote ESP"]
[Date "1975.05.??"]
[Round "9"]
[White "Rodriguez Vargas, Orestes"]
[Black "Bellon Lopez, Juan Manuel"]
[Result "1/2-1/2"]
[WhiteElo "2435"]
[BlackElo "2415"]
[EventDate "1975.04.27"]
[PlyCount "35"]

1.d4 c5 2.d5 Nf6 3.Nc3 g6 4.e4 d6 5.Bb5+ Nfd7 6.a4 Bg7 7.Nf3 O-O 8.O-O Na6
9.Re1 Nc7 10.Bf1 Nf6 11.h3 b6 12.Nd2 Rb8 13.Nc4 Ba6 14.Bf4 Nd7 15.Qd2 Bxc4
16.Bxc4 a6 17.Bh6 b5 18.Bxg7 {[Fuente: Boletn del III Torneo Internacional
Arrecife de Lanzarote. (Mayo 1975, Ronda 9, Partida 52). Editado por la 
Federacin Provincial de Ajedrez de Gran Canaria. Espaa. ]} 1/2-1/2

[Event "3rd Lanzarote it"]
[Site "Lanzarote ESP"]
[Date "1975.05.??"]
[Round "10"]
[White "Betancort Curbelo, Juan Rafael"]
[Black "Pfleger, Helmut"]
[Result "1/2-1/2"]
[WhiteElo "2360"]
[BlackElo "2540"]
[EventDate "1975.04.27"]
[PlyCount "67"]

1.d4 Nf6 2.c4 e6 3.Nc3 c5 4.e3 d5 5.Nf3 Nc6 6.Be2 Be7 7.O-O cxd4 8.exd4 
O-O 9.Bg5 dxc4 10.Bxc4 b6 11.a3 Bb7 12.Ba2 Nd5 13.Bxe7 Ncxe7 14.Nxd5 Nxd5 
15.Qd2 Qf6 16.Bxd5 Bxd5 17.Ne5 Rfd8 18.Qe3 Qf5 19.Rfd1 Rac8 20.Rac1 f6 21.
Nd3 Be4 22.Rxc8 Rxc8 23.Rc1 Rxc1+ 24.Nxc1 Bd5 25.f3 h5 26.Qd3 Qg5 27.Ne2 
h4 28.Kf2 e5 29.dxe5 Qxe5 30.Qd4 Qxd4+ 31.Nxd4 Kf7 32.Ke3 g5 33.g3 hxg3 
34.hxg3 {[Fuente: Boletn del III Torneo Internacional Arrecife de 
Lanzarote. (Mayo 1975, Ronda 10, Partida 56). Editado por la Federacin 
Provincial de Ajedrez de Gran Canaria. Espaa. ]} 1/2-1/2

[Event "3rd Lanzarote it"]
[Site "Lanzarote ESP"]
[Date "1975.05.??"]
[Round "10"]
[White "Debarnot, Roberto"]
[Black "Diez del Corral, Jesus Maria"]
[Result "0-1"]
[WhiteElo "2380"]
[BlackElo "2515"]
[EventDate "1975.04.27"]
[PlyCount "66"]

1.d4 Nf6 2.c4 g6 3.Nf3 Bg7 4.g3 d6 5.Bg2 O-O 6.O-O c6 7.Nc3 Bg4 8.h3 Bxf3 
9.exf3 d5 10.Qb3 Qd7 11.Rd1 e6 12.c5 Na6 13.Bf4 Ne8 14.Bf1 Nec7 15.Bxc7 
Nxc7 16.f4 Rab8 17.Qa4 b5 18.Qc2 f6 19.Re1 Rbe8 20.a4 b4 21.Na2 a5 22.Nc1 
e5 23.Nb3 exf4 24.Nxa5 fxg3 25.fxg3 f5 26.Nb3 f4 27.Qf2 Ne6 28.Rad1 Ng5 
29.Rxe8 Rxe8 30.Qxf4 Nxh3+ 31.Bxh3 Qxh3 32.Qf2 Rf8 33.Qg2 Qe6 {[Fuente: 
Torn, Romn. Artculo " Triunfo de Belln en el Torneo Internacional de 
Lanzarote". Resea y seleccin de partidas. Revista JAQUE. (01-07-1975, ao 
V, nmero 43, pginas 4-7). Jos Mara Gonzlez (Editor-Director). San 
Sebastin, Espaa. ]} 0-1

[Event "3rd Lanzarote it"]
[Site "Lanzarote ESP"]
[Date "1975.05.??"]
[Round "10"]
[White "Tatai, Stefano"]
[Black "Cardoso, Rodolfo Tan"]
[Result "*"]
[WhiteElo "2455"]
[BlackElo "2410"]
[EventDate "1975.04.27"]
[PlyCount "85"]

1.e4 c5 2.Nf3 Nc6 3.d4 cxd4 4.Nxd4 g6 5.Nc3 Bg7 6.Be3 Nf6 7.Bc4 d6 8.h3 a6
9.O-O O-O 10.Bb3 Bd7 11.Re1 Na5 12.Qd3 e5 13.Nf3 Nxb3 14.axb3 Bc6 15.Bg5 
h6 16.Bxf6 Qxf6 17.Nd5 Bxd5 18.Qxd5 Rfb8 19.Red1 Bf8 20.Nd2 b5 21.b4 Rc8 
22.c3 Qd8 23.Nf1 Qb6 24.Ra5 Be7 25.Qd3 Qb7 26.Ne3 Rc6 27.Nd5 Bd8 28.Ra2 
Qd7 29.b3 Kg7 30.Rda1 Qc8 31.Kh2 h5 32.Qe3 f5 33.exf5 Qxf5 34.c4 bxc4 35.
b5 cxb3 36.bxc6 bxa2 37.Rxa2 Qb1 38.Qd2 Qb5 39.c7 Bg5 40.Qxg5 Qxd5 41.Rd2 
Qg8 42.Qe7+ Kh6 43.Qxd6 {[Fuente: Boletn del III Torneo Internacional 
Arrecife de Lanzarote. (Mayo 1975, Ronda 10, Partida 59). Editado por la 
Federacin Provincial de Ajedrez de Gran Canaria. Espaa. ]} *

[Event "3rd Lanzarote it"]
[Site "Lanzarote ESP"]
[Date "1975.05.??"]
[Round "10"]
[White "Visier Segovia, Fernando"]
[Black "Fraguela Gil, Jose Miguel"]
[Result "0-1"]
[WhiteElo "2375"]
[BlackElo "2390"]
[EventDate "1975.04.27"]
[PlyCount "50"]

1.d4 Nf6 2.c4 c5 3.d5 e6 4.Nc3 exd5 5.cxd5 d6 6.Nf3 g6 7.e4 Bg7 8.Be2 O-O 
9.Bg5 h6 10.Bh4 g5 11.Bg3 Nh5 12.Nd2 Nxg3 13.hxg3 a6 14.a4 Nd7 15.Nc4 Qe7 
16.Qc2 Ne5 17.Nb6 Rb8 18.Nxc8 Rfxc8 19.a5 b5 20.axb6 {(ap)} 20...Rxb6 21.
Rxa6 Rb4 22.O-O Rcb8 23.Ra2 Ng6 24.f3 Bd4+ 25.Kh2 h5 {[Fuente: Torn, Romn.
Artculo " Triunfo de Belln en el Torneo Internacional de Lanzarote". Resea
y seleccin de partidas. Revista JAQUE. (01-07-1975, ao V, nmero 43, pginas
4-7). Jos Mara Gonzlez (Editor-Director). San Sebastin, Espaa. ]} 0-1

[Event "3rd Lanzarote it"]
[Site "Lanzarote ESP"]
[Date "1975.05.??"]
[Round "11"]
[White "Garcia Padron, Jose"]
[Black "Adorjan, Andras"]
[Result "1/2-1/2"]
[WhiteElo "2200"]
[BlackElo "2515"]
[EventDate "1975.04.27"]
[PlyCount "43"]

1.e4 g6 2.d4 Bg7 3.Nc3 d6 4.f4 Nf6 5.Nf3 O-O 6.e5 dxe5 7.dxe5 Qxd1+ 8.Kxd1
Nh5 9.Bc4 Nc6 10.Be3 Bg4 11.Ke2 Na5 12.Bd3 f6 13.exf6 Bxf6 14.Nd5 Bxb2 15.
Nxe7+ Kh8 16.Rab1 Bg7 17.Rb4 c5 18.Ra4 b6 19.Kf2 c4 20.Bxc4 Nxf4 21.Bb5 
Bxf3 22.gxf3 {[Fuente: Visier, Fernando. Artculo "Normas Internacionales 
para Belln y Fraguela". Resea y seleccin de partidas del Tercer Torneo 
Internacional Ciudad de Arrecife de Lanzarote 1975. Revista AJEDREZ 
CANARIO. (01-08-1975, ao V, nmero 49, pginas 305-315). Editada por la Caja
de Ahorros de Gran Canaria. Las Palmas de Gran Canaria, Espaa. ]} 1/2-1/2